[Event "21st PKWN Festival it"]
[Site "Naleczow POL"]
[Date "1985.07.18"]
[Round "5"]
[White "Tomaszewski, Roman"]
[Black "Ionescu, Constantin"]
[Result "1/2-1/2"]
[WhiteElo "2410"]
[BlackElo "2420"]
[EventDate "1985.07.15"]
[PlyCount "167"]

1.d4 Nf6 2.c4 e6 3.Nc3 Bb4 4.Qc2 c5 5.dxc5 Nc6 6.Nf3 O-O 7.a3 Bxc5 8.Bf4 
b6 9.e3 Bb7 10.Rd1 Rc8 11.Be2 Nh5 12.Ng5 Nf6 13.O-O Be7 14.Nb5 d5 15.Qb1 
g6 16.Nf3 a6 17.Nc3 Na5 18.cxd5 exd5 19.Be5 Nc4 20.Bd4 b5 21.Ne5 Qc7 22.
Ng4 Nxg4 23.Bxg4 Rcd8 24.Bf3 Bc6 25.Ne2 Ne5 26.Bxe5 Qxe5 27.Nd4 Bb7 28.Rd3
Rc8 29.Rfd1 Rc7 30.Ne2 Rd8 31.Qa2 Rc2 32.R3d2 Rdc8 33.Qb3 Rxd2 34.Rxd2 Rc4
35.Qd3 Kg7 36.g3 Bf6 37.Kg2 Bc6 38.b3 Rc5 39.Rc2 Qd6 40.Nf4 d4 41.exd4 
Bxf3+ 42.Kxf3 Rxc2 43.Qxc2 Qxa3 44.Qd3 Qb4 45.Nd5 Qxd4 46.Qxd4 Bxd4 47.Nc7
Bb6 48.Nxa6 Kf6 49.Nb4 Ke5 50.Nc2 Kd5 51.Ke2 Bc5 52.Kf3 h5 53.h3 Bd6 54.
Ke2 Ke4 55.b4 Kd5 56.Kd3 Bc7 57.Ne3+ Ke6 58.Nc2 Bb6 59.Nd4+ Kd5 60.Nxb5 
Bxf2 61.g4 h4 62.Ke2 Bg3 63.Nc3+ Kd4 64.Na4 Kc4 65.Nc5 Kxb4 66.Ne4 Be5 67.
Ng5 f6 68.Nh7 Kc4 69.g5 f5 70.Nf8 Bf4 71.Nxg6 Bxg5 72.Kf3 Kd5 73.Nf8 Kd6 
74.Ng6 Ke6 75.Nf8+ Ke7 76.Ng6+ Kf6 77.Nf8 Bh6 78.Nd7+ Ke6 79.Nc5+ Kd5 80.
Nd3 Bg5 81.Ne1 Kd4 82.Ng2 Ke5 83.Ne1 Kd4 84.Ng2 1/2-1/2

[Event "21st PKWN Festival it"]
[Site "Naleczow POL"]
[Date "1985.07.18"]
[Round "5"]
[White "Ksieski, Zbigniew"]
[Black "Redzepagic, Rolando"]
[Result "1/2-1/2"]
[WhiteElo "2380"]
[BlackElo "2345"]
[EventDate "1985.07.15"]
[PlyCount "94"]

1.d4 Nf6 2.Nf3 c5 3.d5 g6 4.c4 b5 5.cxb5 a6 6.Nc3 Bg7 7.e4 O-O 8.a4 Bb7 9.
Bg5 d6 10.Be2 axb5 11.axb5 Rxa1 12.Qxa1 Nbd7 13.O-O Qc7 14.Qb1 Ra8 15.Rc1 
h6 16.Bf4 Ng4 17.Nd1 Qd8 18.Nd2 Nge5 19.Be3 Nb6 20.b4 cxb4 21.Qxb4 Ned7 
22.Nb3 Ra4 23.Qd2 Rxe4 24.Na5 Bxd5 25.Bf3 Rxe3 26.Qxe3 Nc5 27.Nc6 Bxc6 28.
bxc6 Nba4 29.g3 e6 30.Rb1 Qc7 31.Qe2 d5 32.Qb5 Be5 33.Rc1 Qa7 34.Kg2 Kg7 
35.Rc2 Kf6 36.Ra2 Qb6 37.Be2 Qxb5 38.Bxb5 Nb6 39.Rc2 Bd6 40.Nb2 Na8 41.Na4
Nxa4 42.Bxa4 Ke7 43.Rb2 Bc7 44.Rb7 Kd6 45.f4 Nb6 46.Bb5 f6 47.Ra7 e5 
1/2-1/2

[Event "21st PKWN Festival it"]
[Site "Naleczow POL"]
[Date "1985.07.19"]
[Round "6"]
[White "Dybowski, Jerzy"]
[Black "Redzepagic, Rolando"]
[Result "1-0"]
[WhiteElo "2275"]
[BlackElo "2345"]
[EventDate "1985.07.15"]
[PlyCount "45"]

1.d4 Nf6 2.c4 c5 3.d5 b5 4.cxb5 a6 5.e3 g6 6.Nc3 Bg7 7.e4 O-O 8.a4 Qa5 9.
Bd2 Qb4 10.Bd3 c4 11.Bc2 d6 12.a5 Ng4 13.b6 Qxb2 14.Nge2 Qb4 15.O-O Bb7 
16.h3 Ne5 17.Be3 Nd3 18.Ra4 Bxc3 19.Rxb4 Bxb4 20.Bxd3 cxd3 21.Qxd3 Rc8 22.
Qb3 Bc5 23.Qa4 1-0

[Event "21st PKWN Festival it"]
[Site "Naleczow POL"]
[Date "1985.07.19"]
[Round "6"]
[White "Ionescu, Constantin"]
[Black "Ksieski, Zbigniew"]
[Result "1/2-1/2"]
[WhiteElo "2420"]
[BlackElo "2380"]
[EventDate "1985.07.15"]
[PlyCount "54"]

1.d4 Nf6 2.c4 e6 3.Nc3 Bb4 4.Bg5 h6 5.Bh4 c5 6.d5 Bxc3+ 7.bxc3 d6 8.e3 e5 
9.Qc2 Qe7 10.Nf3 Nbd7 11.Nd2 g5 12.Bg3 e4 13.Be2 Nf8 14.h4 Rg8 15.hxg5 
hxg5 16.Rb1 b6 17.Qa4+ Qd7 18.Qa3 Qc7 19.Bd1 Ng6 20.Ba4+ Kf8 21.Bc2 Bf5 
22.Qa6 Kg7 23.a4 Bc8 24.Qb5 Bd7 25.Qb3 Rge8 26.Qa2 a5 27.Rb2 Rab8 1/2-1/2

[Event "21st PKWN Festival it"]
[Site "Naleczow POL"]
[Date "1985.07.19"]
[Round "6"]
[White "Hawelko, Marek"]
[Black "Tomaszewski, Roman"]
[Result "1/2-1/2"]
[WhiteElo "2420"]
[BlackElo "2410"]
[EventDate "1985.07.15"]
[PlyCount "45"]

1.e4 c6 2.d4 d5 3.Nd2 dxe4 4.Nxe4 Nd7 5.Bc4 Ngf6 6.Ng5 e6 7.Qe2 Nb6 8.Bb3 
h6 9.N5f3 c5 10.dxc5 Bxc5 11.Ne5 Nbd7 12.Ngf3 Qc7 13.Bf4 Bb4+ 14.Nd2 Bxd2+
15.Kxd2 O-O 16.c3 Nc5 17.Bc4 Nd5 18.Bg3 Nb6 19.Kc2 Nxc4 20.Qxc4 b6 21.Rad1
Ba6 22.Qh4 Qb7 23.Rhe1 1/2-1/2

[Event "21st PKWN Festival it"]
[Site "Naleczow POL"]
[Date "1985.07.19"]
[Round "6"]
[White "Blatny, Pavel"]
[Black "Przewoznik, Jan"]
[Result "0-1"]
[WhiteElo "2395"]
[BlackElo "2405"]
[EventDate "1985.07.15"]
[PlyCount "130"]

1.e4 e5 2.Nf3 Nf6 3.Nxe5 d6 4.Nf3 Nxe4 5.d4 d5 6.Bd3 Be7 7.O-O Nc6 8.Re1 
Bg4 9.c3 f5 10.Qb3 O-O 11.Nbd2 Kh8 12.Qxb7 Rf6 13.Qb3 Bd6 14.g3 Ne7 15.Ne5
Bxe5 16.dxe5 Re6 17.Be2 Bxe2 18.Rxe2 Rxe5 19.Nf3 Re6 20.Nd4 Rb6 21.Qd1 c5 
22.Nf3 Nc6 23.Be3 Rab8 24.Bf4 R8b7 25.Ng5 h6 26.Nxe4 fxe4 27.b3 Re7 28.Rd2
d4 29.Qh5 Rb5 30.c4 Ra5 31.Bxh6 Qe8 32.Qxe8+ Rxe8 33.Bf4 Re6 34.Re1 g5 35.
Bxg5 Ne5 36.Rxe4 Nf3+ 37.Kg2 Nxg5 38.Rxe6 Nxe6 39.f4 Kg7 40.Kf3 Nd8 41.Ke4
Nc6 42.h4 Nb4 43.a4 Ra6 44.f5 Rd6 45.Ke5 Rd8 46.g4 d3 47.f6+ Kf7 48.g5 Kg6
49.h5+ Kxg5 50.Rg2+ Kxh5 51.f7 Nc6+ 52.Kf5 Kh4 53.Rd2 Kg3 54.Ke6 Nb4 55.
Ke7 Rb8 56.f8=Q Rxf8 57.Kxf8 Kf3 58.Ke7 Ke3 59.Rd1 Ke2 60.Rh1 d2 61.Kd6 
Nd3 62.b4 cxb4 63.c5 Nxc5 64.Kxc5 a5 65.Kb5 d1=Q 0-1

[Event "21st PKWN Festival it"]
[Site "Naleczow POL"]
[Date "1985.07.19"]
[Round "6"]
[White "Lukacs, Peter"]
[Black "Adamski, Jan"]
[Result "1-0"]
[WhiteElo "2470"]
[BlackElo "2450"]
[EventDate "1985.07.15"]
[PlyCount "127"]

1.d4 d5 2.c4 dxc4 3.Nf3 a6 4.e3 Nf6 5.Bxc4 e6 6.O-O c5 7.a4 Nc6 8.Qe2 Qc7 
9.Nc3 Bd6 10.h3 O-O 11.Rd1 Bd7 12.dxc5 Bxc5 13.e4 Ne5 14.Bf4 Nxf3+ 15.Qxf3
Bxf2+ 16.Qxf2 Qxc4 17.Be5 Bc6 18.Bxf6 gxf6 19.Qxf6 e5 20.Nd5 Bxd5 21.Rxd5 
Qc6 22.Qxe5 Rae8 23.Qd4 Re6 24.Rf1 Rfe8 25.Qf2 R8e7 26.b3 Qb6 27.Rg5+ Kf8 
28.Rc5 Rc6 29.Rxc6 Qxf2+ 30.Kxf2 bxc6 31.Rc1 Rb7 32.Rxc6 Rxb3 33.Rxa6 Ra3 
34.a5 Kg7 35.Ke2 Rg3 36.Kf2 Ra3 37.Ra8 Kf6 38.a6 Kg7 39.Ke2 Rg3 40.Kf2 Rg6
41.Kf3 Re6 42.Kf4 h6 43.g4 Rf6+ 44.Ke3 Re6 45.Kd4 Rd6+ 46.Kc4 Re6 47.Kc5 
Re5+ 48.Kc6 Re6+ 49.Kd5 Rb6 50.e5 Rg6 51.Ke4 Rb6 52.Kf5 Rc6 53.h4 Rb6 54.
h5 Re6 55.Kf4 Rb6 56.g5 hxg5+ 57.Kxg5 Re6 58.Kf5 Rb6 59.a7 Ra6 60.h6+ Kh7 
61.Kg5 Rg6+ 62.Kf4 Ra6 63.Kf5 Rxh6 64.Re8 1-0

[Event "21st PKWN Festival it"]
[Site "Naleczow POL"]
[Date "1985.07.19"]
[Round "6"]
[White "Gesos, Pavlos"]
[Black "Smagin, Sergei"]
[Result "0-1"]
[WhiteElo "2405"]
[BlackElo "2405"]
[EventDate "1985.07.15"]
[PlyCount "98"]

1.e4 e5 2.Nf3 Nc6 3.Bb5 a6 4.Ba4 Nf6 5.O-O b5 6.Bb3 Be7 7.Re1 O-O 8.h3 Bb7
9.d3 h6 10.a4 d6 11.c3 Na5 12.Bc2 c5 13.Nbd2 b4 14.Nf1 Re8 15.Ng3 Bf8 16.
c4 Nc6 17.Nf5 Bc8 18.Ng3 Nh7 19.Be3 Rb8 20.b3 Be7 21.Qd2 Rf8 22.Bd1 Be6 
23.Nh2 Bg5 24.Rb1 g6 25.Rf1 h5 26.Bxg5 Nxg5 27.Qe3 Bd7 28.Rb2 Qf6 29.Ne2 
Ne6 30.g3 g5 31.Rb1 Kg7 32.f4 gxf4 33.gxf4 Qh6 34.Kh1 Kh8 35.Qf3 f5 36.
exf5 Rxf5 37.Ng3 Rxf4 38.Qxh5 Rh4 39.Qxh6+ Rxh6 40.Bg4 Ncd4 41.Kg1 Bc6 42.
Kf2 Rg8 43.Ne4 Nf4 44.Ke3 Rxg4 45.hxg4 Rxh2 46.Rh1 Nc2+ 47.Kf3 Rxh1 48.
Rxh1+ Kg7 49.Rd1 Nxd3 0-1

[Event "21st PKWN Festival it"]
[Site "Naleczow POL"]
[Date "1985.07.19"]
[Round "6"]
[White "Staniszewski, Piotr"]
[Black "Dejkalo, Stefan"]
[Result "1/2-1/2"]
[WhiteElo "2380"]
[BlackElo "2325"]
[EventDate "1985.07.15"]
[PlyCount "25"]

1.e4 c6 2.d4 d5 3.e5 Bf5 4.h4 h5 5.Bd3 Bxd3 6.Qxd3 e6 7.Nf3 Ne7 8.O-O Nf5 
9.Bg5 Be7 10.Bxe7 Qxe7 11.g3 Nd7 12.Nc3 Rc8 13.Rfe1 1/2-1/2

[Event "21st PKWN Festival it"]
[Site "Naleczow POL"]
[Date "1985.07.20"]
[Round "7"]
[White "Dobosz, Henryk"]
[Black "Gesos, Pavlos"]
[Result "1/2-1/2"]
[WhiteElo "2380"]
[BlackElo "2405"]
[EventDate "1985.07.15"]
[PlyCount "51"]

1.d4 Nf6 2.c4 e6 3.Nf3 b6 4.e3 Bb7 5.Bd3 Be7 6.Nc3 d5 7.O-O O-O 8.Qe2 Nbd7
9.b3 c5 10.Bb2 Re8 11.Rac1 dxc4 12.bxc4 Qc7 13.Rfd1 h6 14.Ne5 cxd4 15.exd4
Nxe5 16.dxe5 Nd7 17.Nb5 Qc6 18.Qg4 Red8 19.Nd6 Bxd6 20.exd6 e5 21.f4 Nf6 
22.Qh3 e4 23.Bxf6 gxf6 24.Be2 Rxd6 25.Qxh6 Qc5+ 26.Kh1 1/2-1/2

[Event "21st PKWN Festival it"]
[Site "Naleczow POL"]
[Date "1985.07.20"]
[Round "7"]
[White "Przewoznik, Jan"]
[Black "Lukacs, Peter"]
[Result "1/2-1/2"]
[WhiteElo "2405"]
[BlackElo "2470"]
[EventDate "1985.07.15"]
[PlyCount "32"]

1.e4 e5 2.Nf3 Nc6 3.Bb5 a6 4.Ba4 Nf6 5.d4 exd4 6.O-O Be7 7.Re1 b5 8.e5 
Nxe5 9.Rxe5 d6 10.Re1 bxa4 11.Nxd4 Bd7 12.Qf3 O-O 13.Nc6 Bxc6 14.Qxc6 Nd7 
15.Nc3 Bf6 16.Qxa4 Bxc3 1/2-1/2

[Event "21st PKWN Festival it"]
[Site "Naleczow POL"]
[Date "1985.07.20"]
[Round "7"]
[White "Tomaszewski, Roman"]
[Black "Blatny, Pavel"]
[Result "0-1"]
[WhiteElo "2410"]
[BlackElo "2395"]
[EventDate "1985.07.15"]
[PlyCount "60"]

1.d4 Nf6 2.c4 e6 3.Nc3 d5 4.cxd5 exd5 5.Bg5 Be7 6.Qc2 h6 7.Bxf6 Bxf6 8.e3 
O-O 9.Bd3 c5 10.dxc5 Nc6 11.Nge2 Qa5 12.Rd1 Bg4 13.h3 Bxe2 14.Kxe2 Rfe8 
15.Bb5 a6 16.Bxc6 bxc6 17.Na4 d4 18.b3 dxe3 19.fxe3 Bg5 20.Rd3 Qc7 21.h4 
Bxe3 22.Rh3 Bf4+ 23.Kf1 Qe5 24.Qd1 Qf6 25.Kg1 Rad8 26.g3 Be3+ 27.Kh1 Rxd3 
28.Qxd3 Qf3+ 29.Kh2 Qf2+ 30.Kh1 Qg1# 0-1

[Event "21st PKWN Festival it"]
[Site "Naleczow POL"]
[Date "1985.07.21"]
[Round "8"]
[White "Dybowski, Jerzy"]
[Black "Ionescu, Constantin"]
[Result "1/2-1/2"]
[WhiteElo "2275"]
[BlackElo "2420"]
[EventDate "1985.07.15"]
[PlyCount "59"]

1.d4 Nf6 2.c4 d6 3.Nc3 Nbd7 4.e4 e5 5.Nf3 Be7 6.Be2 O-O 7.O-O c6 8.h3 Re8 
9.Be3 Qc7 10.d5 a6 11.Rc1 Qb8 12.Nd2 Bd8 13.Nb3 cxd5 14.cxd5 b5 15.Bd3 Bb6
16.Qe2 Nf8 17.Bxb6 Qxb6 18.Qe3 Qxe3 19.fxe3 Bd7 20.Na5 b4 21.Nd1 Bb5 22.
Nf2 Bxd3 23.Nxd3 Nxe4 24.Rc7 Nf6 25.Nxb4 Reb8 26.Nac6 Rb5 27.a4 Rb6 28.a5 
Rb5 29.Rc1 g6 30.Rc4 1/2-1/2

[Event "21st PKWN Festival it"]
[Site "Naleczow POL"]
[Date "1985.07.21"]
[Round "8"]
[White "Velikov, Petar"]
[Black "Przewoznik, Jan"]
[Result "1/2-1/2"]
[WhiteElo "2450"]
[BlackElo "2405"]
[EventDate "1985.07.15"]
[PlyCount "72"]

1.Nf3 Nf6 2.c4 e6 3.Nc3 d5 4.d4 Be7 5.Bg5 h6 6.Bh4 O-O 7.e3 b6 8.Qc2 Bb7 
9.Rd1 Nbd7 10.cxd5 exd5 11.Bd3 Ne8 12.Bg3 Bd6 13.Ne5 Qe7 14.f4 Bxe5 15.
dxe5 f6 16.Nxd5 Bxd5 17.Bh7+ Kh8 18.Rxd5 fxe5 19.fxe5 Nef6 20.exf6 Nxf6 
21.Re5 Qb4+ 22.Qd2 Qxd2+ 23.Kxd2 Kxh7 24.Ke2 c5 25.Rd1 Rae8 26.Rxe8 Rxe8 
27.Kf3 g5 28.Rd6 Kg6 29.Be1 Kf5 30.Bc3 g4+ 31.Ke2 Re6 32.Rd8 Ne4 33.Rf8+ 
Kg6 34.Be1 Nd6 35.Rg8+ Kf5 36.b3 Ne4 1/2-1/2

[Event "21st PKWN Festival it"]
[Site "Naleczow POL"]
[Date "1985.07.21"]
[Round "8"]
[White "Gesos, Pavlos"]
[Black "Adamski, Jan"]
[Result "1-0"]
[WhiteElo "2405"]
[BlackElo "2450"]
[EventDate "1985.07.15"]
[PlyCount "83"]

1.e4 c5 2.Nf3 d6 3.d4 cxd4 4.Nxd4 e6 5.Bd3 Nf6 6.c4 g6 7.O-O Bg7 8.Nc3 O-O
9.Bg5 Nbd7 10.Qd2 Qb6 11.Nb3 Ne5 12.Be2 Bd7 13.Rad1 Rfc8 14.Qxd6 Qxd6 15.
Rxd6 Be8 16.Rd4 h6 17.Bh4 a6 18.f4 Nc6 19.Rd2 g5 20.fxg5 hxg5 21.Bxg5 Nd7 
22.Na4 Nce5 23.Rfd1 b5 24.cxb5 axb5 25.Bxb5 Rcb8 26.Nc3 Rb7 27.Bf4 Kh7 28.
h3 Bh6 29.Bxh6 Kxh6 30.a4 Rc7 31.Kh2 Rb8 32.Nd4 Nb6 33.Nf3 Bxb5 34.Nxb5 
Rc5 35.b3 Kg7 36.Rd8 Rxd8 37.Rxd8 Nbd7 38.Nxe5 Nxe5 39.Rd2 Rc1 40.Ra2 Nc6 
41.Rf2 Rb1 42.Rf3 1-0

[Event "21st PKWN Festival it"]
[Site "Naleczow POL"]
[Date "1985.07.21"]
[Round "8"]
[White "Dejkalo, Stefan"]
[Black "Smagin, Sergei"]
[Result "0-1"]
[WhiteElo "2325"]
[BlackElo "2405"]
[EventDate "1985.07.15"]
[PlyCount "70"]

1.d4 d5 2.c4 e6 3.Nf3 Nf6 4.g3 dxc4 5.Qa4+ Nbd7 6.Bg2 a6 7.Qxc4 b5 8.Qc2 
Bb7 9.a4 c5 10.axb5 axb5 11.Rxa8 Qxa8 12.Nbd2 cxd4 13.Qd3 Bc5 14.Qxb5 O-O 
15.O-O Rb8 16.Qc4 e5 17.Bh3 Ba6 18.Qa2 Bxe2 19.Qxa8 Rxa8 20.Re1 d3 21.Bf1 
Bxf3 22.Nxf3 e4 23.Nd2 Bb4 24.f3 Bc5+ 25.Kg2 e3 26.Bxd3 exd2 27.Bxd2 Rb8 
28.Rb1 Nd5 29.f4 Bd4 30.b4 Bc3 31.Bxc3 Nxc3 32.Rc1 Nd5 33.b5 h6 34.Rc6 Nb4
35.Rd6 Nxd3 0-1

[Event "21st PKWN Festival it"]
[Site "Naleczow POL"]
[Date "1985.07.22"]
[Round "9"]
[White "Smagin, Sergei"]
[Black "Dybowski, Jerzy"]
[Result "1-0"]
[WhiteElo "2405"]
[BlackElo "2275"]
[EventDate "1985.07.15"]
[PlyCount "139"]

1.e4 c5 2.c3 g6 3.d4 cxd4 4.cxd4 d5 5.exd5 Nf6 6.Bb5+ Nbd7 7.Nc3 Bg7 8.d6 
e6 9.Nf3 O-O 10.O-O a6 11.Bd3 Ne8 12.Bf4 Ndf6 13.a4 Nxd6 14.a5 Nf5 15.Bxf5
gxf5 16.Qb3 Nd5 17.Nxd5 Qxd5 18.Qxd5 exd5 19.Rfc1 Bd7 20.Rc7 Bc6 21.Be5 f6
22.Bd6 Rf7 23.Rxf7 Kxf7 24.Nh4 Bd7 25.Re1 Re8 26.Rxe8 Kxe8 27.f4 Bf8 28.
Bxf8 Kxf8 29.Kf2 Ke7 30.Ke3 Kd6 31.Kd2 Kc6 32.Kc3 Kb5 33.b4 b6 34.axb6 
Kxb6 35.Nf3 Kc7 36.Ne1 Bb5 37.Nc2 Kd6 38.Ne3 Bd7 39.Kb3 Ke6 40.b5 Bxb5 41.
Kb4 Ke7 42.Ka5 Bd3 43.Nd1 Kd6 44.Kb6 Bf1 45.g3 a5 46.Nc3 Bc4 47.Na4 Bb3 
48.Kxa5 Kc6 49.Nb6 Bc2 50.Nc8 Bd3 51.Ne7+ Kd6 52.Ng8 Ke6 53.Nh6 Ke7 54.Kb6
Kf8 55.g4 fxg4 56.Nxg4 Kf7 57.Kc5 Ke6 58.Ne3 h5 59.Kc6 h4 60.Kc7 Be4 61.
Kd8 Bg6 62.Ng2 h3 63.Nh4 Bh5 64.f5+ Kd6 65.Ng6 Bg4 66.Ne7 Bh5 67.Nc8+ Kc6 
68.Ke7 Kc7 69.Nd6 Kc6 70.Ne8 1-0

[Event "21st PKWN Festival it"]
[Site "Naleczow POL"]
[Date "1985.07.22"]
[Round "9"]
[White "Adamski, Jan"]
[Black "Staniszewski, Piotr"]
[Result "1/2-1/2"]
[WhiteElo "2450"]
[BlackElo "2380"]
[EventDate "1985.07.15"]
[PlyCount "39"]

1.Nf3 Nf6 2.c4 e6 3.g3 d5 4.Bg2 dxc4 5.Qa4+ Nbd7 6.Qxc4 c5 7.Qb3 Be7 8.Nc3
O-O 9.O-O a6 10.a4 Qc7 11.d3 b6 12.Bf4 Qa7 13.Ne5 Nxe5 14.Bxa8 Nxd3 15.Bg2
Nxf4 16.gxf4 Bb7 17.Rad1 Bxg2 18.Kxg2 Qb7+ 19.f3 Rb8 20.e4 1/2-1/2

[Event "21st PKWN Festival it"]
[Site "Naleczow POL"]
[Date "1985.07.22"]
[Round "9"]
[White "Przewoznik, Jan"]
[Black "Gesos, Pavlos"]
[Result "1/2-1/2"]
[WhiteElo "2405"]
[BlackElo "2405"]
[EventDate "1985.07.15"]
[PlyCount "33"]

1.e4 c5 2.b3 Nf6 3.e5 Nd5 4.Bb2 Nc6 5.Nf3 Nf4 6.Nc3 g6 7.Ne4 Ne6 8.Bc4 b6 
9.c3 Bb7 10.Ng3 Bg7 11.d4 cxd4 12.cxd4 d5 13.Bd3 O-O 14.O-O Nb4 15.Bb1 Ba6
16.Re1 Qd7 17.Qd2 1/2-1/2

[Event "21st PKWN Festival it"]
[Site "Naleczow POL"]
[Date "1985.07.22"]
[Round "9"]
[White "Tomaszewski, Roman"]
[Black "Velikov, Petar"]
[Result "0-1"]
[WhiteElo "2410"]
[BlackElo "2450"]
[EventDate "1985.07.15"]
[PlyCount "152"]

1.d4 d5 2.c4 dxc4 3.Qa4+ c6 4.Qxc4 Nf6 5.Nf3 Bf5 6.g3 e6 7.Bg2 Be7 8.O-O 
O-O 9.Nc3 Nbd7 10.Bg5 Nb6 11.Qb3 h6 12.Bf4 a5 13.a4 Nbd5 14.Bd2 Nb4 15.e4 
Bh7 16.Be3 Nd7 17.Rfd1 Re8 18.Rac1 Bf8 19.Ne1 Qe7 20.h3 Rad8 21.Rd2 Kh8 
22.Rcd1 f5 23.d5 exd5 24.exd5 Qf7 25.Qc4 Bg8 26.Qf1 Nc5 27.Bxc5 Bxc5 28.
Nd3 Nxd3 29.Rxd3 Qf6 30.dxc6 bxc6 31.Rxd8 Rxd8 32.Rxd8 Qxd8 33.Qd1 Qb8 34.
Ne2 Qxb2 35.Bxc6 Qb6 36.Bb5 Bxf2+ 37.Kg2 Bc5 38.Nf4 g5 39.Nd3 Qb7+ 40.Kf1 
Qd5 41.Qa1+ Kh7 42.Qc3 Bb6 43.Qf6 Qe6 44.Qxe6 Bxe6 45.h4 Kg6 46.hxg5 hxg5 
47.Nc1 Kf6 48.Nd3 Bb3 49.Nb2 Ke6 50.Nc4 Bd8 51.Kg2 Kd5 52.Ne3+ Ke5 53.Nc4+
Kd4 54.Nd2 Bc2 55.Nf3+ Kd5 56.Kf2 Bf6 57.Ke3 Kc5 58.Ne1 Bd4+ 59.Ke2 Be4 
60.Nd3+ Kd6 61.Nc1 Be5 62.Nb3 Bc3 63.Ke3 Kd5 64.Nc1 Bd4+ 65.Ke2 Bb6 66.Nb3
Bc7 67.Nd2 Bc2 68.Nc4 Kc5 69.Ne3 Be4 70.Bd7 f4 71.gxf4 Bxf4 72.Ng4 Bc2 73.
Nf6 Be5 74.Kd2 Bxa4 75.Bxa4 Bxf6 76.Bd7 Kb4 0-1

[Event "21st PKWN Festival it"]
[Site "Naleczow POL"]
[Date "1985.07.22"]
[Round "9"]
[White "Ksieski, Zbigniew"]
[Black "Lukacs, Peter"]
[Result "1/2-1/2"]
[WhiteElo "2380"]
[BlackElo "2470"]
[EventDate "1985.07.15"]
[PlyCount "38"]

1.e4 e5 2.Nf3 Nc6 3.Bb5 a6 4.Ba4 Nf6 5.O-O Be7 6.Re1 b5 7.Bb3 O-O 8.c3 d6 
9.h3 Nb8 10.d4 Nbd7 11.a4 Bb7 12.Nbd2 Re8 13.Ng5 Rf8 14.Ngf3 c5 15.Bc2 Re8
16.Nf1 Bf8 17.Ng3 g6 18.d5 c4 19.Be3 Nc5 1/2-1/2

[Event "21st PKWN Festival it"]
[Site "Naleczow POL"]
[Date "1985.07.22"]
[Round "9"]
[White "Ionescu, Constantin"]
[Black "Hawelko, Marek"]
[Result "1-0"]
[WhiteElo "2420"]
[BlackElo "2420"]
[EventDate "1985.07.15"]
[PlyCount "81"]

1.d4 d5 2.c4 e6 3.Nc3 c6 4.Nf3 Nf6 5.e3 Nbd7 6.Qc2 Bd6 7.b3 O-O 8.Bb2 dxc4
9.bxc4 e5 10.Be2 Re8 11.O-O e4 12.Nd2 Nf8 13.Ndxe4 Nxe4 14.Nxe4 Bf5 15.f3 
Qh4 16.g3 Bxg3 17.hxg3 Bxe4 18.gxh4 Bxc2 19.Kf2 Bg6 20.e4 Nd7 21.Bd3 c5 
22.d5 f6 23.Rfe1 Ne5 24.Be2 Nf7 25.Rg1 Kf8 26.Rg2 Re7 27.Rag1 Ne5 28.h5 
Bxh5 29.f4 Ng6 30.Bxh5 Nxf4 31.Bxf6 Nxh5 32.Bxe7+ Kxe7 33.Rxg7+ Nxg7 34.
Rxg7+ Kd6 35.Rxh7 Rg8 36.Rh5 Rg7 37.e5+ Ke7 38.Kf3 b6 39.Kf4 Rf7+ 40.Ke4 
Rg7 41.d6+ 1-0

[Event "21st PKWN Festival it"]
[Site "Naleczow POL"]
[Date "1985.07.23"]
[Round "10"]
[White "Dybowski, Jerzy"]
[Black "Hawelko, Marek"]
[Result "1/2-1/2"]
[WhiteElo "2275"]
[BlackElo "2420"]
[EventDate "1985.07.15"]
[PlyCount "83"]

1.d4 Nf6 2.c4 g6 3.Nc3 Bg7 4.e4 d6 5.Be2 O-O 6.Bg5 c5 7.d5 h6 8.Be3 e6 9.
Nf3 Ng4 10.Bd2 exd5 11.exd5 Nd7 12.h3 Nge5 13.Nxe5 Nxe5 14.O-O f5 15.Bf4 
g5 16.Bh2 f4 17.f3 Qe8 18.Ne4 Qg6 19.Nf2 Bf5 20.Qd2 Rae8 21.Rfe1 Nd7 22.
Kf1 Bd4 23.Bg1 h5 24.Nh1 Bxg1 25.Kxg1 Re3 26.Ng3 Bd3 27.Nf1 Rxe2 28.Rxe2 
Bxe2 29.Qxe2 Re8 30.Qd2 Ne5 31.b3 Qf5 32.Nh2 a6 33.a4 Qd3 34.Qxd3 Nxd3 35.
Rd1 Nb4 36.Nf1 Kf7 37.Nd2 Re5 38.Ne4 Ke7 39.Rd2 g4 40.h4 b6 41.Kf2 g3+ 42.
Ke1 1/2-1/2

[Event "21st PKWN Festival it"]
[Site "Naleczow POL"]
[Date "1985.07.23"]
[Round "10"]
[White "Blatny, Pavel"]
[Black "Ionescu, Constantin"]
[Result "0-1"]
[WhiteElo "2395"]
[BlackElo "2420"]
[EventDate "1985.07.15"]
[PlyCount "60"]

1.e4 c5 2.c3 d5 3.exd5 Qxd5 4.d4 Nf6 5.Nf3 e6 6.Na3 a6 7.Nc4 Nbd7 8.Be2 
cxd4 9.cxd4 b5 10.Ne3 Bb4+ 11.Kf1 Qc6 12.a3 Be7 13.Bd2 Bb7 14.Rc1 Qb6 15.
h4 O-O 16.Ng5 h6 17.Bd3 Rac8 18.Bc3 Nd5 19.Bb1 a5 20.Ng4 f5 21.Nxh6+ gxh6 
22.Qh5 Rf6 23.Ne4 fxe4 24.Rh3 Bd6 25.Bxe4 b4 26.Rf3 Rcf8 27.Qg4+ Kh8 28.
Bd2 Qxd4 29.Bxh6 Rxh6 30.Qg5 Qg7 0-1

[Event "21st PKWN Festival it"]
[Site "Naleczow POL"]
[Date "1985.07.23"]
[Round "10"]
[White "Lukacs, Peter"]
[Black "Redzepagic, Rolando"]
[Result "1/2-1/2"]
[WhiteElo "2470"]
[BlackElo "2345"]
[EventDate "1985.07.15"]
[PlyCount "85"]

1.d4 Nf6 2.c4 c5 3.d5 b5 4.cxb5 a6 5.e3 g6 6.Nc3 Bg7 7.a4 O-O 8.Bc4 e6 9.
Nge2 Bb7 10.e4 exd5 11.exd5 Ng4 12.Bf4 Re8 13.O-O Ne5 14.b3 axb5 15.Bxb5 
Na6 16.Qd2 Nb4 17.Rad1 Ba6 18.h3 Ned3 19.Bg3 Qe7 20.Nf4 Ne5 21.d6 Qf8 22.
Bxa6 Nxa6 23.Nb5 c4 24.b4 c3 25.Qxc3 Nc6 26.Qd2 Naxb4 27.Nc7 Rxa4 28.Nxe8 
Qxe8 29.Rfe1 Qd8 30.Nd5 Nxd5 31.Qxd5 h5 32.Re4 Ra5 33.Qb3 Rf5 34.Qb7 Bf6 
35.Rde1 Kg7 36.Re8 Qa5 37.Qxd7 Ne5 38.R8xe5 Bxe5 39.Bxe5+ Rxe5 40.Rxe5 
Qa1+ 41.Kh2 Qxe5+ 42.g3 Qd4 43.Kg2 1/2-1/2

[Event "21st PKWN Festival it"]
[Site "Naleczow POL"]
[Date "1985.07.23"]
[Round "10"]
[White "Velikov, Petar"]
[Black "Ksieski, Zbigniew"]
[Result "1/2-1/2"]
[WhiteElo "2450"]
[BlackElo "2380"]
[EventDate "1985.07.15"]
[PlyCount "144"]

1.d4 Nf6 2.Nf3 e6 3.c4 Bb4+ 4.Nbd2 b6 5.e3 Bb7 6.Bd3 O-O 7.O-O c5 8.a3 
Bxd2 9.Bxd2 d6 10.Bc3 Nbd7 11.Qc2 Qc7 12.Rad1 Bxf3 13.gxf3 cxd4 14.Bxd4 
Rac8 15.Qe2 Ne5 16.Bxe5 dxe5 17.b4 Qb7 18.Rd2 Rc7 19.Rfd1 g6 20.Rc2 Kg7 
21.Rdc1 Rd8 22.c5 bxc5 23.bxc5 Qb3 24.Rc3 Qd5 25.c6 Rd6 26.Bb5 e4 27.f4 
Qf5 28.Rc5 Rd5 29.Rxd5 exd5 30.Rc5 g5 31.fxg5 Qxg5+ 32.Kf1 Qe5 33.Kg2 h5 
34.h3 Qg5+ 35.Kh2 Kh7 36.Ba6 Nd7 37.Rc1 Ne5 38.Qf1 Rxc6 39.Rxc6 Nxc6 40.
Qg2 Qxg2+ 41.Kxg2 h4 42.Bb7 Ne7 43.f3 f5 44.fxe4 fxe4 45.Kf2 Kg6 46.Ke2 
Kf5 47.Ba6 Ke5 48.Bb5 d4 49.exd4+ Kxd4 50.Bd7 Nd5 51.Bg4 a5 52.Bf5 Ne3 53.
Bd7 Nc4 54.a4 Ne3 55.Kd2 Nd5 56.Ke2 e3 57.Kd1 Nc3+ 58.Kc2 Ne4 59.Kd1 Ke5 
60.Ke2 Kf4 61.Be8 Nc3+ 62.Ke1 Kg3 63.Bd7 Kf3 64.Bc6+ Ne4 65.Bd7 Ng5 66.Bc8
e2 67.Bg4+ Ke3 68.Bxe2 Nxh3 69.Bb5 Nf4 70.Bc6 Nd3+ 71.Kf1 Ne5 72.Bb7 Nd3 
1/2-1/2

[Event "21st PKWN Festival it"]
[Site "Naleczow POL"]
[Date "1985.07.23"]
[Round "10"]
[White "Gesos, Pavlos"]
[Black "Tomaszewski, Roman"]
[Result "1/2-1/2"]
[WhiteElo "2405"]
[BlackElo "2410"]
[EventDate "1985.07.15"]
[PlyCount "130"]

1.e4 Nf6 2.e5 Nd5 3.d4 d6 4.Nf3 Bg4 5.Be2 e6 6.c4 Nb6 7.h3 Bh5 8.Nc3 Be7 
9.O-O O-O 10.Be3 d5 11.b3 dxc4 12.bxc4 Nc6 13.Rb1 Rb8 14.Nd2 Bg6 15.Nde4 
Qd7 16.Rb5 a6 17.Rb2 Rfd8 18.c5 Nd5 19.Nxd5 Qxd5 20.Nc3 Qd7 21.Rd2 b5 22.
cxb6 cxb6 23.Bxa6 Nb4 24.Be2 Qc6 25.Qb3 Rdc8 26.Nb5 Be4 27.Na7 Qa8 28.Nxc8
Rxc8 29.f3 Bc2 30.Qb2 Nd5 31.Bf2 Ba3 32.Qb5 Bb4 33.Rxc2 Rxc2 34.Bc4 Qa5 
35.Qxa5 bxa5 36.Bb3 Rd2 37.Rd1 Rb2 38.Kf1 h6 39.Rc1 Nc3 40.Be1 Nxa2 41.
Bxa2 Rxa2 42.Bxb4 axb4 43.Rb1 Ra4 44.Kf2 g5 45.g4 Kf8 46.Ke3 Ke7 47.Kd3 
Ra3+ 48.Kc4 Rxf3 49.Rb3 Rf1 50.Kxb4 Kf8 51.Kc5 Kg7 52.d5 exd5 53.Kxd5 Ra1 
54.Rb7 Ra5+ 55.Ke4 Ra4+ 56.Kd5 Kg6 57.Rb6+ Kg7 58.Rb3 Ra5+ 59.Ke4 Ra6 60.
Kd5 Kg6 61.Rf3 Rb6 62.Kc5 Rb1 63.Rf6+ Kg7 64.Rf3 Ra1 65.Kd5 Ra4 1/2-1/2

[Event "21st PKWN Festival it"]
[Site "Naleczow POL"]
[Date "1985.07.23"]
[Round "10"]
[White "Staniszewski, Piotr"]
[Black "Przewoznik, Jan"]
[Result "1/2-1/2"]
[WhiteElo "2380"]
[BlackElo "2405"]
[EventDate "1985.07.15"]
[PlyCount "53"]

1.e4 e5 2.Nf3 Nf6 3.Nxe5 d6 4.Nf3 Nxe4 5.d4 d5 6.Bd3 Nc6 7.O-O Bg4 8.c4 
Nf6 9.cxd5 Bxf3 10.Qxf3 Qxd5 11.Re1+ Be7 12.Qh3 Qxd4 13.Nc3 Rd8 14.Bc2 Qg4
15.Qxg4 Nxg4 16.Bf4 Nd4 17.Bd1 Ne6 18.Rxe6 Rxd1+ 19.Rxd1 fxe6 20.Bxc7 O-O 
21.Ne4 Rc8 22.Rd7 Kf8 23.Bf4 Rc4 24.f3 Nf6 25.Rc7 Rxc7 26.Bxc7 Nxe4 27.
fxe4 1/2-1/2